[Event "Barbera del Valles op 45th"]
[Site "Barbera del Valles"]
[Date "2023.07.06"]
[Round "3"]
[White "Kaustuv, Kundu"]
[Black "Ayats Llobera, Gerard"]
[Result "1/2-1/2"]
[WhiteElo "2266"]
[BlackElo "2452"]
[PlyCount "58"]
[EventDate "2023.07.04"]
[EventType "swiss"]
[EventRounds "9"]
[EventCountry "ESP"]
[SourceTitle "CBM 215 Extra"]
[Source "ChessBase"]
[SourceDate "2023.09.30"]
[SourceVersion "1"]
[SourceVersionDate "2023.09.30"]
[SourceQuality "1"]

1. Nf3 Nf6 2. c4 e6 3. b3 d5 4. Bb2 b6 5. g3 Bb7 6. Bg2 Bd6 7. 0-0 0-0 8. Nc3 a6 9. d4 Nbd7 10. Nd2 c5 11. cxd5 Nxd5 12. Nxd5 Bxd5 13. Bxd5 exd5 14. dxc5 Nxc5 15. Nf3 Be7 16. Rc1 Rc8 17. Rc2 Qd6 18. Nd4 Qg6 19. Nf3 Qf5 20. Qb1 a5 21. Kg2 h5 22. h4 Ne4 23. Rxc8 Rxc8 24. Qd3 Rd8 25. Qd4 Bf6 26. Qxb6 Rd6 27. Qb8+ Rd8 28. Qb6 Rd6 29. Qb8+ Rd8 1/2-1/2

[Event "Barbera del Valles op 45th"]
[Site "Barbera del Valles"]
[Date "2023.07.05"]
[Round "2"]
[White "Sturt, Raven M"]
[Black "Kaustuv, Kundu"]
[Result "0-1"]
[WhiteElo "2461"]
[BlackElo "2266"]
[PlyCount "77"]
[EventDate "2023.07.04"]
[EventType "swiss"]
[EventRounds "9"]
[EventCountry "ESP"]
[SourceTitle "CBM 215 Extra"]
[Source "ChessBase"]
[SourceDate "2023.09.30"]
[SourceVersion "1"]
[SourceVersionDate "2023.09.30"]
[SourceQuality "1"]

1. f4 d5 2. Nf3 Nf6 3. d3 e6 4. g3 b5 5. Bg2 Bb7 6. 0-0 Nbd7 7. a3 a5 8. e3 Bc5 9. Qe2 0-0 10. b3 a4 11. b4 Bd6 12. Nd4 c6 13. Bb2 e5 14. Nf5 Bc7 15. g4 Ne8 16. g5 f6 17. Qg4 fxg5 18. fxg5 Kh8 19. Nd2 Nd6 20. h4 Nxf5 21. Rxf5 Qe7 22. Raf1 Bb6 23. Rxf8+ Nxf8 24. Qg3 Bc7 25. Rf5 Re8 26. Qf2 Kg8 27. Nf3 Ng6 28. Nd2 Bc8 29. Rf3 Bg4 30. Rg3 Bd1 31. c4 e4 32. cxd5 Bxg3 33. Qxg3 cxd5 34. dxe4 dxe4 35. Bxe4 Rd8 36. Bd4 Ne5 37. Nb1 Nc4 38. Nc3 Nxa3 39. g6 0-1

[Event "Maharashtra op 2nd"]
[Site "Nagpur"]
[Date "2023.06.08"]
[Round "10"]
[White "Kaustuv, Kundu"]
[Black "Kushagra, Mohan"]
[Result "0-1"]
[WhiteElo "2242"]
[BlackElo "2400"]
[PlyCount "40"]
[EventDate "2023.06.01"]
[EventType "swiss"]
[EventRounds "11"]
[EventCountry "IND"]
[SourceTitle "CBM 214 Extra"]
[Source "ChessBase"]
[SourceDate "2023.07.31"]
[SourceVersion "1"]
[SourceVersionDate "2023.07.31"]
[SourceQuality "1"]

1. Nf3 Nf6 2. b3 g6 3. Bb2 Bg7 4. e3 0-0 5. d4 d6 6. Be2 Nbd7 7. 0-0 b6 8. c4 Bb7 9. d5 e6 10. dxe6 fxe6 11. Nd4 Qe7 12. Bf3 d5 13. Nc3 c5 14. Ndb5 Ne5 15. Be2 Rad8 16. Qc1 a6 17. Na3 d4 18. Na4 d3 19. Bd1 d2 20. Qb1 Nfg4 0-1

[Event "Maharashtra op 2nd"]
[Site "Nagpur"]
[Date "2023.06.05"]
[Round "7"]
[White "Mirzoev, Azer"]
[Black "Kaustuv, Kundu"]
[Result "1/2-1/2"]
[WhiteElo "2416"]
[BlackElo "2242"]
[PlyCount "98"]
[EventDate "2023.06.01"]
[EventType "swiss"]
[EventRounds "11"]
[EventCountry "IND"]
[SourceTitle "CBM 214 Extra"]
[Source "ChessBase"]
[SourceDate "2023.07.31"]
[SourceVersion "1"]
[SourceVersionDate "2023.07.31"]
[SourceQuality "1"]

1. d4 d5 2. Nf3 Nf6 3. c4 e6 4. Nc3 a6 5. c5 b6 6. cxb6 c5 7. Bf4 Bd6 8. Bxd6 Qxd6 9. dxc5 Qxc5 10. Qd4 Qd6 11. e3 Nbd7 12. Be2 Qxb6 13. Qxb6 Nxb6 14. Nd4 Bd7 15. Kd2 Ke7 16. Rhc1 Rhc8 17. Ke1 e5 18. Nf3 Kd6 19. Rd1 h6 20. Rac1 a5 21. Nb5+ Bxb5 22. Bxb5 Rxc1 23. Rxc1 Rc8 24. Rxc8 Nxc8 25. Nd2 Kc5 26. Be2 Nd6 27. Nb3+ Kb6 28. Nc1 Nd7 29. Nd3 f6 30. b4 g5 31. Bg4 f5 32. Be2 e4 33. bxa5+ Kxa5 34. Nc1 Kb4 35. Nb3 Ka3 36. Kd2 Kb2 37. Nd4 Nb6 38. g3 Nbc4+ 39. Kd1 Na3 40. Bh5 Kxa2 41. Bg6 Kb2 42. Bxf5 Nab5 43. Nxb5 Nxb5 44. Kd2 Kb3 45. Bg4 Nc3 46. f4 exf3 47. Bxf3 Kc4 48. Kc2 d4 49. exd4 Kxd4 1/2-1/2

[Event "Maharashtra op 2nd"]
[Site "Nagpur"]
[Date "2023.06.04"]
[Round "5"]
[White "Szpar, Milosz"]
[Black "Kaustuv, Kundu"]
[Result "1-0"]
[WhiteElo "2447"]
[BlackElo "2242"]
[PlyCount "65"]
[EventDate "2023.06.01"]
[EventType "swiss"]
[EventRounds "11"]
[EventCountry "IND"]
[SourceTitle "CBM 214 Extra"]
[Source "ChessBase"]
[SourceDate "2023.07.31"]
[SourceVersion "1"]
[SourceVersionDate "2023.07.31"]
[SourceQuality "1"]

1. e4 c5 2. Nf3 d6 3. Bb5+ Bd7 4. c4 Nc6 5. d4 cxd4 6. Nxd4 Nf6 7. Nc3 g6 8. h3 Bg7 9. Be3 a6 10. Bxc6 bxc6 11. c5 0-0 12. 0-0 Qb8 13. Qd2 Rd8 14. cxd6 exd6 15. Rfe1 c5 16. Nb3 Be6 17. Rad1 Rd7 18. Bg5 a5 19. Nc1 a4 20. Nd3 Rb7 21. e5 dxe5 22. Nxc5 Rxb2 23. Qc1 a3 24. Bxf6 Bxf6 25. N3e4 Be7 26. Nxe6 fxe6 27. Rd7 Qb4 28. Kh2 Rf8 29. Qc6 Rbxf2 30. Qxe6+ R2f7 31. Rf1 Kg7 32. Nd6 Rxf1 33. Qxe7+ 1-0

[Event "Raipur Chhattisgarh"]
[Site "Raipur"]
[Date "2022.09.27"]
[Round "9"]
[White "Mohota, Nisha"]
[Black "Kaustuv, Kundu"]
[Result "1/2-1/2"]
[WhiteElo "2166"]
[BlackElo "2358"]
[PlyCount "167"]
[EventDate "2022.09.19"]
[EventType "swiss"]
[EventRounds "10"]
[EventCountry "IND"]
[SourceTitle "CBM 210 Extra"]
[Source "ChessBase"]
[SourceDate "2022.11.30"]
[SourceVersion "1"]
[SourceVersionDate "2022.11.30"]
[SourceQuality "1"]

1. e4 c5 2. c3 d5 3. exd5 Qxd5 4. d4 Nf6 5. Nf3 e6 6. Na3 Nc6 7. Nb5 Qd8 8. dxc5 Bxc5 9. Qxd8+ Kxd8 10. Bf4 Ne4 11. Ng5 Nxg5 12. Bxg5+ f6 13. Be3 Bxe3 14. fxe3 Bd7 15. Rd1 Ke7 16. Be2 Ne5 17. Nd4 Rhc8 18. Kf2 Rab8 19. Rd2 b5 20. Rhd1 Rc7 21. h3 Rb6 22. e4 a5 23. Nf3 Nc4 24. Bxc4 bxc4 25. Re2 Rcb7 26. Rdd2 e5 27. g4 Be6 28. Nh4 a4 29. a3 Rb8 30. Kf3 Kf7 31. Kg3 h5 32. Ng2 Rh8 33. Nh4 g5 34. Nf5 Bxf5 35. exf5 hxg4 36. hxg4 Ke7 37. Re4 Rc8 38. Kf3 Rd6 39. Rxd6 Kxd6 40. Re2 Rh8 41. Rd2+ Kc6 42. Kg3 Rh1 43. Rd8 Rb1 44. Kf3 Rxb2 45. Rc8+ Kd6 46. Rxc4 Rb3 47. Rxa4 Rxc3+ 48. Ke4 Rc6 49. Ra8 Rc4+ 50. Ke3 Rc6 51. Ke4 Kc5 52. Re8 Ra6 53. Rc8+ Kd6 54. Rd8+ Ke7 55. Rb8 Kd6 56. Rd8+ Kc6 57. Rc8+ Kd7 58. Rf8 Rd6 59. Rf7+ Kc6 60. Rf8 Kc5 61. Rc8+ Kb5 62. Rf8 Kc6 63. Rc8+ Kd7 64. Rf8 Rd4+ 65. Kf3 Rf4+ 66. Ke3 Ke7 67. Ra8 Rxg4 68. Ra7+ Kd6 69. Ra6+ Kd5 70. Ra5+ Kd6 71. Ra6+ Ke7 72. Ra7+ Kf8 73. Ra8+ Kg7 74. Ra7+ Kh6 75. Rf7 Ra4 76. Rxf6+ Kh5 77. Re6 e4 78. Rxe4 Rxa3+ 79. Kf2 g4 80. Kg2 Rf3 81. Re5 Kh4 82. Re8 Rxf5 83. Rh8+ Kg5 84. Ra8 1/2-1/2

[Event "Raipur Chhattisgarh"]
[Site "Raipur"]
[Date "2022.09.25"]
[Round "7"]
[White "Garv, Rai"]
[Black "Kaustuv, Kundu"]
[Result "1/2-1/2"]
[WhiteElo "2051"]
[BlackElo "2358"]
[PlyCount "88"]
[EventDate "2022.09.19"]
[EventType "swiss"]
[EventRounds "10"]
[EventCountry "IND"]
[SourceTitle "CBM 210 Extra"]
[Source "ChessBase"]
[SourceDate "2022.11.30"]
[SourceVersion "1"]
[SourceVersionDate "2022.11.30"]
[SourceQuality "1"]

1. d4 Nf6 2. Bf4 g6 3. Nc3 d5 4. e3 Bg7 5. h4 h5 6. Nf3 0-0 7. Be2 c5 8. Nb5 cxd4 9. exd4 Nc6 10. Nc7 Rb8 11. Nb5 Ra8 12. Nc7 Rb8 13. Nb5 Bf5 14. Bxb8 Qxb8 15. 0-0 Ng4 16. g3 Be4 17. c3 a6 18. Na3 f5 19. Ng5 Ne3 20. Qd2 Nxf1 21. Rxf1 f4 22. Nxe4 dxe4 23. Bc4+ Kh7 24. Qe1 Qd6 25. Qxe4 fxg3 26. f4 Qf6 27. Bd3 e6 28. Nc4 Ne7 29. Qh1 Nf5 30. Bxf5 Qxf5 31. Ne3 Qd3 32. Qf3 Qd2 33. Qxg3 Qxb2 34. Nc4 Qxa2 35. Ne5 Bxe5 36. fxe5 Rxf1+ 37. Kxf1 Qb1+ 38. Ke2 Qc2+ 39. Ke1 Qe4+ 40. Kd2 b5 41. Qg5 Qb7 42. Qd8 b4 43. cxb4 Qxb4+ 44. Kc2 Qc4+ 1/2-1/2

[Event "Raipur Chhattisgarh"]
[Site "Raipur"]
[Date "2022.09.23"]
[Round "5"]
[White "Kaustuv, Kundu"]
[Black "Deepan Chakkravarthy, J."]
[Result "0-1"]
[WhiteElo "2358"]
[BlackElo "2439"]
[PlyCount "78"]
[EventDate "2022.09.19"]
[EventType "swiss"]
[EventRounds "10"]
[EventCountry "IND"]
[SourceTitle "CBM 210 Extra"]
[Source "ChessBase"]
[SourceDate "2022.11.30"]
[SourceVersion "1"]
[SourceVersionDate "2022.11.30"]
[SourceQuality "1"]

1. c4 e6 2. Nf3 Nf6 3. Nc3 d5 4. e3 b6 5. b3 Bb7 6. Bb2 Nbd7 7. cxd5 exd5 8. d4 a6 9. Ne5 Bd6 10. f4 c5 11. Bd3 0-0 12. 0-0 b5 13. Qf3 Qc7 14. Qh3 Rfd8 15. Rac1 c4 16. Ne2 Nf8 17. Bb1 Rac8 18. Ng3 Qa5 19. Nf5 c3 20. Qg3 Ng6 21. Nxd6 Rxd6 22. f5 Nf8 23. b4 Qxb4 24. Nd3 Ne4 25. Qe1 Qa5 26. Nc5 Nxc5 27. dxc5 Rxc5 28. Bxc3 Qc7 29. Qg3 f6 30. Ba5 Qc6 31. Rcd1 Rd7 32. Bd3 d4 33. Bb4 Re5 34. e4 Qc8 35. Bd2 Bxe4 36. Rc1 Qe8 37. a4 Bxd3 38. Qxd3 bxa4 39. Qxa6 Rd8 0-1

[Event "Raipur Chhattisgarh"]
[Site "Raipur"]
[Date "2022.09.21"]
[Round "3"]
[White "Varshini, Veileven"]
[Black "Kaustuv, Kundu"]
[Result "0-1"]
[WhiteElo "2126"]
[BlackElo "2358"]
[PlyCount "86"]
[EventDate "2022.09.19"]
[EventType "swiss"]
[EventRounds "10"]
[EventCountry "IND"]
[SourceTitle "CBM 210 Extra"]
[Source "ChessBase"]
[SourceDate "2022.11.30"]
[SourceVersion "1"]
[SourceVersionDate "2022.11.30"]
[SourceQuality "1"]

1. e4 c5 2. Nc3 e6 3. g3 d5 4. exd5 exd5 5. Bg2 d4 6. Nd5 Bd6 7. d3 Ne7 8. Nxe7 Qxe7+ 9. Qe2 Be6 10. Nh3 Nc6 11. Nf4 Bxf4 12. Bxf4 0-0 13. 0-0 Qd7 14. Qh5 b6 15. a3 Rac8 16. Rfe1 Ne7 17. b3 Ng6 18. Bd2 Rfd8 19. h3 c4 20. dxc4 Rc5 21. Qe2 Bxh3 22. Bd5 Bf5 23. Rac1 h6 24. a4 Rxd5 25. cxd5 Qxd5 26. Qb5 Qf3 27. Qe2 Qb7 28. Qh5 Be4 29. c4 Kh7 30. b4 f5 31. f4 Rf8 32. b5 Rf6 33. Kf2 Nf8 34. c5 bxc5 35. Rxc5 Nd7 36. Rc4 Qd5 37. Rec1 Rg6 38. Rc8 Qa2 39. Qe2 Qb3 40. Rg1 Nf6 41. Ke1 Bf3 42. Qc4 Qd1+ 43. Kf2 Ng4# 0-1

[Event "Raipur Chhattisgarh"]
[Site "Raipur"]
[Date "2022.09.19"]
[Round "1"]
[White "Kumar, Gaurav"]
[Black "Kaustuv, Kundu"]
[Result "0-1"]
[WhiteElo "2073"]
[BlackElo "2358"]
[PlyCount "82"]
[EventDate "2022.09.19"]
[EventType "swiss"]
[EventRounds "10"]
[EventCountry "IND"]
[SourceTitle "CBM 210 Extra"]
[Source "ChessBase"]
[SourceDate "2022.11.30"]
[SourceVersion "1"]
[SourceVersionDate "2022.11.30"]
[SourceQuality "1"]

1. e4 c5 2. Nf3 Nc6 3. d4 cxd4 4. Nxd4 g6 5. Nc3 Bg7 6. Be3 Nf6 7. Bc4 0-0 8. Bb3 d6 9. f3 Nxd4 10. Bxd4 Be6 11. Qd2 Qa5 12. 0-0 Rac8 13. Kh1 Nd7 14. Bxg7 Kxg7 15. f4 Qc5 16. f5 Bxb3 17. cxb3 Nf6 18. Qf4 Qe5 19. Rad1 Qxf4 20. Rxf4 Rc5 21. Rff1 Rfc8 22. Rd4 Re5 23. h3 h5 24. g3 Kh6 25. Kg2 gxf5 26. Rxf5 Rxf5 27. exf5 Rc5 28. g4 hxg4 29. hxg4 Kg5 30. Kf3 Re5 31. Ne2 d5 32. Nc3 e6 33. fxe6 fxe6 34. Ra4 Re1 35. Rxa7 d4 36. Ra5+ Kh4 37. Ne2 d3 38. Nc3 d2 39. Ra8 Nd5 40. Rh8+ Kg5 41. Rd8 Re3+ 0-1

[Event "Visakhapatnam Vizag op"]
[Site "Visakhapatnam"]
[Date "2022.06.15"]
[Round "8"]
[White "Hossain, Enamul"]
[Black "Kaustuv, Kundu"]
[Result "0-1"]
[WhiteElo "2413"]
[BlackElo "2307"]
[PlyCount "56"]
[EventDate "2022.06.10"]
[EventType "swiss"]
[EventRounds "10"]
[EventCountry "IND"]
[SourceTitle "CBM 208 Extra"]
[Source "ChessBase"]
[SourceDate "2022.07.31"]
[SourceVersion "1"]
[SourceVersionDate "2022.07.31"]
[SourceQuality "1"]

1. e4 c5 2. Nf3 Nc6 3. d4 cxd4 4. Nxd4 g6 5. c4 Bg7 6. Be3 Qb6 7. Nb5 Qa5+ 8. N5c3 d6 9. Be2 Qb4 10. Qd2 Nf6 11. f3 Be6 12. 0-0 Nd7 13. Rc1 0-0 14. Na3 Nb6 15. Nd1 Qxd2 16. Bxd2 Rac8 17. Rab1 f5 18. Nc3 Nd4 19. b3 fxe4 20. fxe4 Nd7 21. Bf1 Ne5 22. Kh1 Ng4 23. Nd5 Rf7 24. Re1 Be5 25. Bc3 Rcf8 26. Nb5 Nxb5 27. Bxe5 Bxd5 28. exd5 Na3 0-1

[Event "Pune Maharashtra op 1st"]
[Site "Pune"]
[Date "2022.06.04"]
[Round "7"]
[White "Kaustuv, Kundu"]
[Black "Karthik, Venkataraman"]
[Result "1/2-1/2"]
[WhiteElo "2327"]
[BlackElo "2480"]
[PlyCount "114"]
[EventDate "2022.05.31"]
[EventType "swiss"]
[EventRounds "11"]
[EventCountry "IND"]
[SourceTitle "CBM 208 Extra"]
[Source "ChessBase"]
[SourceDate "2022.07.31"]
[SourceVersion "1"]
[SourceVersionDate "2022.07.31"]
[SourceQuality "1"]

1. c4 e5 2. Nc3 Bb4 3. Nd5 Bc5 4. e3 c6 5. d4 cxd5 6. dxc5 Qa5+ 7. Bd2 Qxc5 8. Rc1 d4 9. Qg4 g6 10. b4 Qe7 11. exd4 Nf6 12. Qe2 Nc6 13. dxe5 Nxe5 14. Rc3 d5 15. f4 Nxc4 16. Qxe7+ Kxe7 17. Bxc4 dxc4 18. Rxc4 Be6 19. Rc1 Rhc8 20. Nf3 Rxc1+ 21. Bxc1 Bxa2 22. 0-0 Nd5 23. b5 f6 24. Ba3+ Kf7 25. Rc1 Re8 26. Kf2 Re4 27. Rc8 Ra4 28. Bd6 Ke6 29. Bb8 Bb1 30. Re8+ Kd7 31. Rh8 h5 32. Rh7+ Ne7 33. Ke3 Ra3+ 34. Kd4 Bd3 35. Bxa7 Rxa7 36. Kxd3 Kd6 37. Nd2 Ra3+ 38. Ke2 Ke6 39. b6 Ra2 40. f5+ gxf5 41. Rxh5 Nd5 42. Rh7 Nxb6 43. Kd3 Nd7 44. g3 b5 45. Nb3 Ne5+ 46. Kc3 Nc6 47. Nd4+ Nxd4 48. Kxd4 Re2 49. Rb7 Rxh2 50. Rb6+ Kf7 51. Rxb5 Kg6 52. Ke3 Ra2 53. Rb8 Ra3+ 54. Kf4 Ra4+ 55. Kf3 Ra3+ 56. Kf4 Ra4+ 57. Kf3 Ra3+ 1/2-1/2

[Event "Pune Maharashtra op 1st"]
[Site "Pune"]
[Date "2022.06.03"]
[Round "6"]
[White "Samant, Aditya S"]
[Black "Kaustuv, Kundu"]
[Result "0-1"]
[WhiteElo "2433"]
[BlackElo "2327"]
[PlyCount "103"]
[EventDate "2022.05.31"]
[EventType "swiss"]
[EventRounds "11"]
[EventCountry "IND"]
[SourceTitle "CBM 208 Extra"]
[Source "ChessBase"]
[SourceDate "2022.07.31"]
[SourceVersion "1"]
[SourceVersionDate "2022.07.31"]
[SourceQuality "1"]

1. e4 c5 2. Nf3 e6 3. d4 cxd4 4. Nxd4 Nc6 5. Nc3 Qc7 6. f4 a6 7. Nxc6 Qxc6 8. Bd3 b5 9. Qe2 Bb7 10. Bd2 Bc5 11. 0-0-0 Ne7 12. Qh5 0-0 13. f5 f6 14. g4 b4 15. Ne2 a5 16. g5 fxg5 17. h4 g4 18. Qxg4 exf5 19. exf5 Qf3 20. Qc4+ Qd5 21. f6 Rxf6 22. Bg5 Rc6 23. Qxd5+ Nxd5 24. Be4 Rd6 25. Nd4 Re8 26. Rhe1 Nf6 27. Bxb7 Rxe1 28. Rxe1 Bxd4 29. Bf4 Rb6 30. Bf3 Rb5 31. Bd6 Bf2 32. Re5 Rxe5 33. Bxe5 Bxh4 34. Bc7 a4 35. Bd6 g5 36. Bxb4 g4 37. Bb7 Kf7 38. b3 Bf2 39. Kd2 h5 40. Ke2 Ba7 41. bxa4 h4 42. Be1 h3 43. a5 d5 44. Kf1 Kg6 45. Bh4 Ne4 46. Bxd5 Kf5 47. Bb7 Kf4 48. Bd8 Bb8 49. Kg1 g3 50. Bb6 Kf3 51. Bxe4+ Kxe4 52. Kf1 0-1